گلوبلائزیشن اور اسلام (Record no. 553858)
[ view plain ]
| 000 -LEADER | |
|---|---|
| fixed length control field | 00327nam a22001217a 4500 |
| 082 ## - DEWEY DECIMAL CLASSIFICATION NUMBER | |
| Classification number | 297 |
| Author Mark | NAD |
| -- | M |
| 100 ## - MAIN ENTRY--PERSONAL NAME | |
| Personal name | Nadeem, Mulana Yasir |
| 9 (RLIN) | 51107 |
| 245 ## - TITLE STATEMENT | |
| Title | گلوبلائزیشن اور اسلام |
| 260 ## - PUBLICATION, DISTRIBUTION, ETC. | |
| Place of publication, distribution, etc. | Karachi, |
| Name of publisher, distributor, etc. | Darul Ishat, |
| Date of publication, distribution, etc. | 2004. |
| 300 ## - PHYSICAL DESCRIPTION | |
| Extent | 456p. |
| 526 ## - STUDY PROGRAM INFORMATION NOTE | |
| Program name | 0 |
| Interest level | 0 |
| Reading level | 0 |
| Title point value | 297_000000000000000_NAD |
| 942 ## - ADDED ENTRY ELEMENTS (KOHA) | |
| Source of classification or shelving scheme | |
| Koha item type | Book |
| Withdrawn status | Lost status | Source of classification or shelving scheme | Damaged status | Not for loan | Permanent Location | Current Location | Date acquired | Total Checkouts | Full call number | Barcode | Date last seen | Price effective from | Koha item type |
|---|---|---|---|---|---|---|---|---|---|---|---|---|---|
| Military College of Engineering (MCE) | Military College of Engineering (MCE) | 05/03/2017 | 297 NAD | MCE-112M | 05/03/2017 | 05/03/2017 | Book |
